000 00288nam a22001337a 4500
008 170728b xxu||||| |||| 00| 0 eng d
020 _ax000egmy37
041 _aeng
080 _a004
100 _a31
101 _aSHK
245 _aDISCOVERING COMPUTERS
_cSHELLY.G.B
942 _2udc
_cBK
999 _c22127
_d22127